000 00302nam a22001337a 4500
008 171013b xxu||||| |||| 00| 0 eng d
020 _a9780558086909
041 _aeng
080 _23RD
_a316
100 _a50
101 _aSOC
245 _aFUNDAMENTALS OF COMMUNICATION
_cAMASON,P
942 _2udc
_cBK
999 _c33579
_d33579